Ciudades de Francia - ¡Muerte Súbita! - Estadísticas

Estadísticas generales
  • Esta prueba ha sido intentada 151 veces
  • La puntuación promedio es 11 de 24
Answers on the Grid
Answers color-coded by a green-red scale on the quiz's grid according to % correct below.
Barcelona
Lyon
Génova
Burdeos
Niza
Lieja
Montreal
Ajaccio
Brest
Constantine
Estrasburgo
Lucerna
Cannes
Marsella
Charleroi
Baton Rouge
Ruan
Limoges
Belo Horizonte
Nantes
Palma
Perpiñán
Montpelier
Montpellier
Puerto Príncipe
Cayena
Mesina
Nimes
Monza
Aviñón
Metz
Berberati
París
Napier
Tréveris
Dijon
Longueuil
Tilburg
Versalles
Nueva Rochelle
Sidón
Vientián
Mulhouse
Yaundé
La Rochelle
Toulouse
Osmaniye
Bissau
Basilea
Belém
Lille
 
Estadísticas de respuestas
Respuesta % Correcto
Lyon
89%
Burdeos
85%
Niza
82%
Marsella
74%
Cannes
72%
Nantes
66%
Estrasburgo
65%
Brest
56%
Ajaccio
53%
Perpiñán
44%
París
43%
Toulouse
43%
Lille
42%
Montpellier
42%
Nimes
36%
Versalles
36%
Metz
35%
Aviñón
33%
Dijon
31%
Limoges
28%
La Rochelle
25%
Ruan
20%
Cayena
13%
Mulhouse
7%
No se encontraron pruebas coincidentes
Distribución de puntuación
Porcentaje de gente con cada puntuación
Porcentaje por número respondido
Historial de tus puntuaciones
No has intentado esta prueba.